000 00615nam a2200217Ia 4500
003 OSt
005 20220928135359.0
006 a|||||r|||| 00| 0
007 ta
008 220927b |||||||| |||| 00| 0 eng d
024 _a1677
037 _cTextual
040 _aSDCL
_cSDCL
_beng
041 _2eng
_aeng
082 _aX:51, P3
100 _aRuskin-Brown Ian
245 0 _aMastering marketing
_b A comprehensive introduction to the slills of developing and defending your company's revenue
260 _c2003
942 _hX:51, P3
_cTEXL
_2CC
999 _c805489
_d805489